| 000 | 003660000a22001450004500 | ||
|---|---|---|---|
| 003 | MACL | ||
| 040 | _aMACL | ||
| 090 |
_c4599 _d4598 |
||
| 100 | _aKapoor, S K | ||
| 245 | _aManpower Planning for library and Information system in India | ||
| 260 |
_bIndian Association of Special library _c1989 |
||
| 350 | _a60 | ||
| 650 | _aLibrary & Information | ||
| 942 |
_cBOOK _k20 |
||
| 999 |
_c4565 _d4565 |
||